000 00337nam a2200133Ia 4500
008 240624s9999 xx 000 0 und d
041 _aeng
082 _a519.55 MCD
100 _aMCDOWALL DAVID
245 _aINTERRUPTED TIME SERIES ANALYSIS
260 _c2007
_aLondon
_bSage Publications
300 _a96 : p. : cm. ; 25
365 _c
_b32
999 _c6321
_d6321